Statistiques concernant Titi Parisien (Remix) - Paroles

Cliquez ici pour prendre le quiz!

Statistiques générales

  • Ce quiz a été pris 11 fois
  • Le résultat moyen est 217 sur 580

Statistiques - réponses

% Correct
Paris
100%
parisien
100%
Parisien
100%
Titi
100%
titi
100%
À
86%
à
86%
C
86%
ce
86%
Ce
86%
De
86%
de
86%
ou
86%
bête
71%
ces
71%
C'est
71%
c'est
71%
c’est
71%
chien
71%
flow
71%
le
71%
Le
71%
Mais
71%
mais
71%
Parigo
71%
tête
71%
ça
57%
Ça
57%
Co'
57%
comme
57%
des
57%
du
57%
en
57%
J
57%
la
57%
La
57%
rap
57%
Tu
57%
tu
57%
dans
43%
Est
43%
est
43%
Les
43%
les
43%
l’maillot
43%
43%
ni
43%
no
43%
on
43%
Ouais
43%
pas
43%
poche
43%
PSG
43%
San
43%
schlass
43%
si
43%
sur
43%
Tunisien
43%
un
43%
une
43%
au
29%
avec
29%
Avec
29%
ceinture
29%
donc
29%
Et
29%
et
29%
Être
29%
fin
29%
Gros
29%
Gueko
29%
Ils
29%
ils
29%
J'suis
29%
j'suis
29%
marques
29%
meurt
29%
mon
29%
Nek-feu
29%
Pour
29%
pour
29%
qui
29%
sans
29%
Sans
29%
Santé
29%
se
29%
Seth
29%
son
29%
tourne
29%
tous
29%
vie
29%
vite
29%
voiture
29%
vos
29%
affaires
14%
aperçu
14%
appétit
14%
artiste
14%
aux
14%
Avant
14%
avant
14%
Bastille
14%
Bâtir
14%
battre
14%
Beaucoup
14%
besoin
14%
best
14%
bien
14%
bitures
14%
blouson
14%
blues
14%
Bon
14%
bonnets
14%
bordel
14%
bouchée
14%
bouger
14%
braquages
14%
bureaucrate
14%
chair
14%
chauffeurs
14%
chrome
14%
cket-po
14%
claque
14%
classées
14%
clients
14%
compter
14%
con
14%
condescendantes
14%
corps
14%
Cortez
14%
coups
14%
Cousin
14%
crâne
14%
critiques
14%
croc
14%
crocs
14%
cuites
14%
culotte
14%
d'air
14%
dangereux
14%
déborder
14%
déjà
14%
démarrages
14%
d’Épicure
14%
déportés
14%
dernière
14%
descendants
14%
descende
14%
d'esclaves
14%
d'esprit
14%
d'être
14%
dire
14%
direct
14%
diviser
14%
Donne
14%
doudounes
14%
doutes
14%
élevés
14%
Entre
14%
Épousant
14%
escrime
14%
ex-colonisés
14%
faire
14%
fat
14%
fausse
14%
faut
14%
ferme
14%
figures
14%
filles
14%
fleurs
14%
frères
14%
friture
14%
fuck
14%
fuites
14%
gardé
14%
garrot
14%
genoux
14%
Gominé
14%
Gringo
14%
Grosminet
14%
grosses
14%
inconnu
14%
intra-muros
14%
J'ai
14%
j'ai
14%
J'aime
14%
jamais
14%
j'avais
14%
j'entreprends
14%
j'étais
14%
jeune
14%
j'fais
14%
j'hésite
14%
j'manoeuvre
14%
j'marche
14%
j'me
14%
J'mène
14%
jour
14%
j'pose
14%
J'réfléchis
14%
j'te
14%
j'vais
14%
kilos
14%
king
14%
l'16
14%
label
14%
lacets
14%
lâcher
14%
l'acier
14%
l'arrivage
14%
l'art
14%
l'écriture
14%
l'emprise
14%
lettres
14%
l'huile
14%
l'odyssée
14%
Loin
14%
l'ombre
14%
main
14%
maitre
14%
mal
14%
mate
14%
matelassées
14%
Même
14%
mentalité
14%
mes
14%
méthodes
14%
mette
14%
meufs
14%
midi
14%
m'impressionne
14%
mode
14%
modestie
14%
moi
14%
Mokless
14%
n'est
14%
n'étouffe
14%
ninos
14%
niveau
14%
nnaie-mo
14%
noir
14%
nombre
14%
n'peut
14%
ont
14%
parles
14%
pastille
14%
pauvres
14%
peine
14%
Pellegrino
14%
percent
14%
perdent
14%
personne
14%
Personne
14%
petits-fils
14%
peux
14%
piqure
14%
pistolet
14%
plus
14%
pointures
14%
potes
14%
pressé
14%
prise
14%
pur
14%
pyramide
14%
quand
14%
que
14%
qu'en
14%
qu'mon
14%
qu'on
14%
qu'un
14%
rapper
14%
redonner
14%
refaire
14%
refont
14%
Regarde
14%
Renaud
14%
renom
14%
retour
14%
Rette-ba
14%
riche
14%
rien
14%
risque
14%
Robinet
14%
Roquette
14%
roule
14%
Rue
14%
Saez
14%
saoulards
14%
schlags
14%
Scred
14%
Seine
14%
sens
14%
sentences
14%
s'entendre
14%
serre
14%
ses
14%
s'étende
14%
shlass
14%
soir
14%
soulagent
14%
sous
14%
squette-ca
14%
ssettes-ca
14%
stress
14%
temps
14%
terrasse
14%
terre
14%
tes
14%
t'es
14%
texte
14%
timide
14%
t'lasser
14%
tournent
14%
tout
14%
toutes
14%
tracé
14%
tristes
14%
trombe
14%
Trop
14%
trop
14%
tuer
14%
vaut
14%
venu
14%
verse
14%
veulent
14%
veut
14%
vraiment
14%
VTC
14%
vu
14%
whisky
14%
yeux
14%
Zoo
14%

Distribution des résultats

Percentile par nombre de réponses

% des personnes avec chaque résultat

Votre développement - résultats

Vous n’avez pas pris ce quiz